000 00734nam a22002177a 4500
005 20171123113106.0
010 _aENG-121570
020 _a9789325984370
_c280.00
035 _aEN-105102
037 _bDBAD/PUB
082 _a005.74
100 _aHamdare, Safa
245 _aDatabase management system :
_b(as per iv semester computer engineering syllabus of University of Mumbai ) /
_c by Safa Hamdare, Bhavesh Pandya [and] Asim Kumar Sen
260 _aNoida
_bVikas Publishing House
_c2015
270 _aE-28, Sector-8,
_bNoida(up)
_e201301
300 _axiv,306p.
_c25cm(pbk)
505 _aSubject code : cec404
700 _aPandya, Bhavesh
700 _aSen, Asim Kumar
942 _2ddc
_cEN
_h005.74
_mHAM
999 _c147684
_d147684